| 000 | 00577nam a22001817a 4500 | ||
|---|---|---|---|
| 003 | CEME | ||
| 005 | 20210628202656.0 | ||
| 008 | 210122b xxu||||| |||| 00| 0 eng d | ||
| 020 | _a0-8247-5385-2 | ||
| 040 | _c. | ||
| 082 | _a621.381045 PAR | ||
| 100 |
_aParker, Michael A _961029 |
||
| 245 | _aPhysics of optoelectronics | ||
| 260 |
_aNEW YORK _bTAYLOR AND FRANCIS _c2005 |
||
| 300 | _aXVI,740 P | ||
| 650 |
_aOPTOELECTRONICS - MATERIALS.SEMICONDUCTOR LASERS.LASER DYNAMICS.CLASSICAL ELECTROMAGNETICS AND LASERS.MATHEMATICAL FOUNDATIONS.LIGHT. _961030 |
||
| 942 |
_cBK _2ddc |
||
| 999 |
_c570599 _d570599 |
||